عرض عادي عرض مارك

مدخل Personal Name

عدد التسجيلات المستخدمة في: 1

001 - CONTROL NUMBER

  • control field: 10786

003 - CONTROL NUMBER IDENTIFIER

  • control field: DLC

005 - DATE AND TIME OF LATEST TRANSACTION

  • control field: 20260510130509.0

008 - FIXED-LENGTH DATA ELEMENTS

  • fixed length control field: 830411n| acannaabn |b aaa

010 ## - LIBRARY OF CONGRESS CONTROL NUMBER

  • LC control number: n 83014960

035 ## - SYSTEM CONTROL NUMBER

  • System control number: (OCoLC)oca00908922

040 ## - CATALOGING SOURCE

  • Original cataloging agency: DLC
  • Language of cataloging: eng
  • Transcribing agency: DLC
  • Modifying agency: OCoLC

100 1# - HEADING--PERSONAL NAME

  • Personal name: تركي، عبد المجيد

400 0# - SEE FROM TRACING--PERSONAL NAME

  • Personal name: ʻAbd al-Majīd al-Turkī

400 1# - SEE FROM TRACING--PERSONAL NAME

  • Personal name: Turki, Abdel Magid

400 0# - SEE FROM TRACING--PERSONAL NAME

  • Personal name: Abdel Magid Turki

400 1# - SEE FROM TRACING--PERSONAL NAME

  • Personal name: Turki, A. M.
  • Fuller form of name: (Abdel Magid)

400 1# - SEE FROM TRACING--PERSONAL NAME

  • Personal name: تركي، عبدالمجيد

400 1# - SEE FROM TRACING--PERSONAL NAME

  • Personal name: ترکي، عبد المجيد

400 1# - SEE FROM TRACING--PERSONAL NAME

  • Personal name: عبد المجيد تركي

400 1# - SEE FROM TRACING--PERSONAL NAME

  • Personal name: .تركي، عبد المجيد

500 ## - SEE ALSO FROM TRACING--PERSONAL NAME

  • Personal name: Turkī, ʻAbd al-Majīd

670 ## - SOURCE DATA FOUND

  • Source citation: Ibn al-Qurfudh, A. ibn Ḥ. al-Fārisīyah ... 1968.

670 ## - SOURCE DATA FOUND

  • Source citation: His Théologiens et juristes de l'Espagne musulmane, 1982:
  • Information found: (Abdel Magid Turki; A.M. Turki)

700 ## - ESTABLISHED HEADING LINKING ENTRY--PERSONAL NAME

  • Personal name: Turkī, ʻAbd al-Majīd

905 ## - cataloger

  • cataloger: Auth_BKS
Cairo University Libraries Portal Implemented & Customized by: Eng. M. Mohamady Contacts: new-lib@cl.cu.edu.eg | cnul@cl.cu.edu.eg
CUCL logo CNUL logo
© All rights reserved — Cairo University Libraries
CUCL logo
Implemented & Customized by: Eng. M. Mohamady Contact: new-lib@cl.cu.edu.eg © All rights reserved — New Central Library
CNUL logo
Implemented & Customized by: Eng. M. Mohamady Contact: cnul@cl.cu.edu.eg © All rights reserved — Cairo National University Library